The seven laws of teaching / (Record no. 2060)
[ view plain ]
| 000 -LEADER | |
|---|---|
| fixed length control field | 00630cam a22002054a 4500 |
| 001 - CONTROL NUMBER | |
| control field | 13424883 |
| 005 - DATE AND TIME OF LATEST TRANSACTION | |
| control field | 20241211143311.0 |
| 008 - FIXED-LENGTH DATA ELEMENTS--GENERAL INFORMATION | |
| fixed length control field | 031205r20041917miu 000 0 eng |
| 020 ## - INTERNATIONAL STANDARD BOOK NUMBER | |
| International Standard Book Number | 0801064961 (pbk.) |
| 050 00 - LIBRARY OF CONGRESS CALL NUMBER | |
| Classification number | LB1025 |
| Item number | .G83 2004 |
| 082 00 - DEWEY DECIMAL CLASSIFICATION NUMBER | |
| Classification number | 371.102 |
| Edition information | 22 |
| 100 1# - MAIN ENTRY--PERSONAL NAME | |
| Personal name | Gregory, John Milton, |
| Dates associated with a name | 1822-1898. |
| 245 14 - TITLE STATEMENT | |
| Title | The seven laws of teaching / |
| Statement of responsibility, etc. | John Milton Gregory. |
| 250 ## - EDITION STATEMENT | |
| Edition statement | New pbk. ed. |
| 260 ## - PUBLICATION, DISTRIBUTION, ETC. | |
| Place of publication, distribution, etc. | Grand Rapids, MI : |
| Name of publisher, distributor, etc. | Baker Books, |
| Date of publication, distribution, etc. | 2004. |
| 300 ## - PHYSICAL DESCRIPTION | |
| Extent | 121 p. ; |
| Dimensions | 22 cm. |
| 650 #0 - SUBJECT ADDED ENTRY--TOPICAL TERM | |
| Topical term or geographic name entry element | Teaching. |
| 856 41 - ELECTRONIC LOCATION AND ACCESS | |
| Materials specified | Table of contents |
| Uniform Resource Identifier | <a href="http://www.loc.gov/catdir/toc/ecip0412/2003026665.html">http://www.loc.gov/catdir/toc/ecip0412/2003026665.html</a> |
| 942 ## - ADDED ENTRY ELEMENTS (KOHA) | |
| Source of classification or shelving scheme | Library of Congress Classification |
| Koha item type | Books |
| Suppress in OPAC | No |
| 999 ## - | |
| -- | 2060 |
| -- | 2060 |
| Withdrawn status | Lost status | Source of classification or shelving scheme | Damaged status | Not for loan | Collection | Home library | Current library | Shelving location | Date acquired | Total checkouts | Full call number | Barcode | Date last seen | Copy number | Price effective from | Koha item type |
|---|---|---|---|---|---|---|---|---|---|---|---|---|---|---|---|---|
| Library of Congress Classification | Non-fiction | Undergraduate Library (Christ Temple) | Undergraduate Library (Christ Temple) | General stacks | 12/11/2024 | LB 1025 GRE | ulct00000589 | 12/11/2024 | 1 | 12/11/2024 | Books | |||||
| Library of Congress Classification | Non-fiction | Undergraduate Library (Christ Temple) | Undergraduate Library (Christ Temple) | General stacks | 12/11/2024 | LB 1025 GRE | ulct00000590 | 12/11/2024 | 2 | 12/11/2024 | Books |